| 000 | 00656nam a2200265Ia 4500 | ||
|---|---|---|---|
| 005 | 20250425161845.0 | ||
| 008 | 250425s9999 xx 000 0 und d | ||
| 020 | _a9701019520 | ||
| 041 | _aspa | ||
| 043 | _amx | ||
| 082 | _a657.45 | ||
| 100 | _aGOMEZ MORFIN, JOAQUIN | ||
| 245 | 0 | _aINTRODUCCION A LA AUDITORIA DE ESTADOS FINANCIEROS | |
| 250 | _a1A ED. | ||
| 260 |
_aMéxico _bMCGRAW-HILL _c1998 |
||
| 260 | _aS.L. | ||
| 300 | _a139 | ||
| 500 | _aINCLUYE DISQUET AUDITOR 2000 | ||
| 650 | _aAUDITORIA | ||
| 650 | _aCONTABILIDAD FINANCIERA | ||
| 650 | _aESTADOS FINANCIEROS | ||
| 710 | _aMCGRAW-HILL | ||
| 942 | _c01 | ||
| 010 | _a32617 | ||
| 999 |
_c217557 _d217557 |
||